Oracle utilities : using hidden programs, import/export, SQL loader, oradebug, Dbverify, Tkprof and more (Record no. 170799)

MARC details
000 -LEADER
fixed length control field 00546nam a2200157Ia 4500
005 - DATE AND TIME OF LATEST TRANSACTION
control field 20241219115603.0
008 - FIXED-LENGTH DATA ELEMENTS--GENERAL INFORMATION
fixed length control field 231217s9999 xx 000 0 und d
020 ## - INTERNATIONAL STANDARD BOOK NUMBER
International Standard Book Number 8173667772
082 ## - DEWEY DECIMAL CLASSIFICATION NUMBER
Classification number 001.6424ORA MOO;1 R
100 ## - MAIN ENTRY--PERSONAL NAME
Personal name Moore, Dave
245 #0 - TITLE STATEMENT
Title Oracle utilities : using hidden programs, import/export, SQL loader, oradebug, Dbverify, Tkprof and more
260 ## - PUBLICATION, DISTRIBUTION, ETC. (IMPRINT)
Date of publication, distribution, etc. 2003
Name of publisher, distributor, etc. Shroff
Place of publication, distribution, etc. Mumbai
300 ## - PHYSICAL DESCRIPTION
Extent 260
650 ## - SUBJECT ADDED ENTRY--TOPICAL TERM
Topical term or geographic name as entry element Oracle,utilities,:,using,hidden,programs,,import/export,,SQL,loader,,oradebug,,Dbverify,,Tkprof,more
942 ## - ADDED ENTRY ELEMENTS (KOHA)
Koha item type Books
Holdings
Date last seen Total Checkouts Full call number Accession number Old discount Cost, replacement price Price effective from Category Lost status Damaged status Department Withdrawn status bill no. bill date Permanent Location Current Location Shelving location Entry date Vendor Cost, normal purchase price Grants Currency symbol Conversion rate Discount Discount type
26/01/2024   001.6424ORA MOO;1 R 25491 20 200.00 26/01/2024 Books     Central Library   17606 21/07/2005 Central Library Central Library Central Library 05/02/2004 Book Paradise 250.00 MCA RS 1 50 Rupees
26/01/2024   001.6424ORA MOO;2 R1 25492 20 200.00 26/01/2024 Books     Central Library   17606 21/07/2005 Central Library Central Library Central Library 05/02/2004 Book Paradise 250.00 MCA RS 1 50 Rupees
26/01/2024   001.6424ORA MOO;3 25493 20 200.00 26/01/2024 Books     Central Library   17606 21/07/2005 Central Library Central Library Central Library 05/02/2004 Book Paradise 250.00 MCA RS 1 50 Rupees
26/01/2024   001.6424ORA MOO 40005     26/01/2024 Books     Central Library     14/04/2005 Central Library Central Library Central Library 09/01/2006 Publisher   MCA RS 1   Rupees
26/01/2024   001.6424ORA MOO 40006     26/01/2024 Books     MCA     14/04/2005 Central Library Central Library MCA 09/01/2006 Publisher   MCA RS 1   Rupees

© For any Suggestions or Query, please contact the library staff @ librarian@pes.edu or Phone: +9180 2672 1983/ 2108.